UBT Library

Legal research and writing : (Record no. 40276)

000 -LEADER
fixed length control field 00635pam a2200229 a 4500
001 - CONTROL NUMBER
control field 4750036
005 - DATE AND TIME OF LATEST TRANSACTION
control field 20180115072232.0
008 - FIXED-LENGTH DATA ELEMENTS--GENERAL INFORMATION
fixed length control field 850227s1986 mnua b 001 0 eng
010 ## - LIBRARY OF CONGRESS CONTROL NUMBER
LC control number 85005332
020 ## - INTERNATIONAL STANDARD BOOK NUMBER
International Standard Book Number 0314912630 (pbk.) :
Terms of availability $13.95
040 ## - CATALOGING SOURCE
Original cataloging agency DLC
Transcribing agency DLC
Modifying agency DLC
041 ## - LANGUAGE CODE
Language code of text/sound track or separate title eng
043 ## - GEOGRAPHIC AREA CODE
Geographic area code n-us---
080 ## - UNIVERSAL DECIMAL CLASSIFICATION NUMBER
Universal Decimal Classification number 340..072073 WIL
082 00 - DEWEY DECIMAL CLASSIFICATION NUMBER
Classification number 340..072073 WIL
Edition number 19
100 1# - Rafti
Rafti 46
101 ## - Shkurtesa
Shkurtesa EDU
245 10 - TITLE STATEMENT
Title Legal research and writing :
Statement of responsibility, etc William P. Statsky.
504 ## - BIBLIOGRAPHY, ETC. NOTE
Bibliography, etc Includes bibliographies and index.
906 ## - LOCAL DATA ELEMENT F, LDF (RLIN)
a 7
b cbc
c orignew
d 1
e ocip
f 19
g y-gencatlg
942 ## - ADDED ENTRY ELEMENTS (KOHA)
Source of classification or shelving scheme
Item type Books
Holdings
Withdrawn status Lost status Source of classification or shelving scheme Damaged status Not for loan Collection code Permanent location Current location Shelving location Date acquired Total Checkouts Full call number Barcode Date last seen Price effective from Koha item type
          Koleksioni i përgjithshem UBT - Lipjan UBT - Lipjan Koleksioni i përgjithshem 01/15/2018   340..072073 WIL 002-2995482 01/15/2018 01/15/2018 Books
UBT Library © 2015-2024. All rights reserved University Education for Business and Technology